Biblioteca

El humor, ¿actitud teológica? (Registro nro. 69876)

Detalles MARC
000 -LÍDER
Campo fijo de descripción fija 01366nab a2200241 i 4500
001 - NÚMERO DE CONTROL
Campo de control 768714001
003 - IDENTIFICADOR DEL NÚMERO DE CONTROL
Campo de control CO-MdFUSB
005 - FECHA Y HORA DE LA ULTIMA TRANSACCIÓN
control field 20240523122537.0
008 - ELEMENTOS DE LONGITUD FIJA -- INFORMACIÓN GENERAL
Campo fijo de descripción fija -- Información general 240523t1974 sp ||||| |||| 00| 0 spa d
040 ## - FUENTE DE CATALOGACIÓN
Idioma de catalogación spa
Agencia que realiza la transcripción CO-MdFUSB
Agencia que realiza la modificación CO-MdFUSB
041 ## - CÓDIGO DE IDIOMA
Código de idioma para texto/pista de sonido o título separado spa
100 ## - ASIENTO PRINCIPAL--NOMBRE PERSONAL
Término relacionador autor
245 #3 - TÍTULO
Título El humor, ¿actitud teológica?
Mención de responsabilidad / Gérard Bessière ; traducido por Juan José del Moral
520 ## - NOTA DE RESUMEN, ETC.
Nota de sumario, etc. El humor nunca se dejó encerrar dentro de los límites de una definición. Siempre se dispensó a sí mismo un trato de «humor». ¿Cómo abordarlo? Es posible examinar los orígenes de la palabra y su infancia semántica, así como los mecanismos que despliega. Por lo que respecta a estas dos primeras cuestiones, bastante escuetas por lo demás, vamos a servirnos del librito escrito por un virtuoso del humor: Robert Escarpit. En un tercer apartado intentaremos examinar en la sonrisa el gran tema que brinda el título de estas páginas.
650 #0 - ASIENTO SECUNDARIO DE MATERIA - TERMINO TEMÁTICO
Término temático o nombre geográfico como elemento de entrada Teología postmoderna
9 (RLIN) 504
650 #7 - ASIENTO SECUNDARIO DE MATERIA - TERMINO TEMÁTICO
Término temático o nombre geográfico como elemento de entrada Dios
9 (RLIN) 178
650 #7 - ASIENTO SECUNDARIO DE MATERIA - TERMINO TEMÁTICO
Término temático o nombre geográfico como elemento de entrada Teología natural
9 (RLIN) 7182
653 ## - TÉRMINO DE INDIZACIÓN - NO CONTROLADO
Término no controlado Humor
700 ## - ENTR. SECUNDARIA - Nombre Personal (R)
Nombre de persona Moral, Juan Jose del,
Término indicativo de función traductor
773 0# - ASIENTO DE ITEM FUENTE
Biblionumber 49450
Itemnumber 82675
Otro identificador del ítem R2585
Título Revista internacional de teología Concilium
Número de control del registro (CO-MdFUSB)8
Número Internacional Normalizado para Publicaciones Seriadas (ISSN) 0210-1041
Parte(s) relacionada(s) / Volumen., número. (mes año), páginas Número 95, (mayo, 1975), páginas: 229 - 243
Enumeración y primera página página: 229
942 ## - TIPO DE MATERIAL (KOHA)
Tipo de Item KOHA Artículos de Revista
945 ## - INFORMACIÓN LOCAL DEL REGISTRO
Catalogador Catherine Arias Alvarez - Practicante SENA

No hay ítems disponibles.

Biblioteca FUSBC | Teléfono: (57+4) 349 88 10 Ext. 141| WhatsApp (+57) 3005338115 
E-mail: biblioteca@unisbc.edu.co | Calle 76 87-14 Robledo Palenque, Medellín, Colombia

Con tecnología Koha